Niramillatha daivangal/ (Record no. 31518)

000 -LEADER
fixed length control field 00347nam a22001451a 4500
082 ## - DEWEY DECIMAL CLASSIFICATION NUMBER
Classification number M3
Item number SHR/N
100 ## - MAIN ENTRY--AUTHOR NAME
Personal name Sreelal
245 ## - TITLE STATEMENT
Title Niramillatha daivangal/
Statement of responsibility, etc by Sreelal
260 ## - PUBLICATION, DISTRIBUTION, ETC. (IMPRINT)
Place of publication Kannur:
Name of publisher Supriya Publication,
Year of publication 2010.
300 ## - PHYSICAL DESCRIPTION
Number of Pages 247p.
650 ## - SUBJECT ADDED ENTRY--TOPICAL TERM
Topical Term Novel Malayalam
650 ## - SUBJECT ADDED ENTRY--TOPICAL TERM
Topical Term Literature Malayalam
650 ## - SUBJECT ADDED ENTRY--TOPICAL TERM
Topical Term Literature
942 ## - ADDED ENTRY ELEMENTS (KOHA)
Koha item type Book
Holdings
Withdrawn status Lost status Damaged status Not for loan Permanent Location Current Location Date acquired Cost, normal purchase price Full call number Accession Number Cost, replacement price Price effective from Koha item type
        Sree Sankaracharya University of Sanskrit Sree Sankaracharya University of Sanskrit 08.01.2015 150.00 M3 SHR/N 063510 0.00 08.01.2015 Book